000 01135cam a2200337 a 4500
001 50985
005 20230410120954.0
008 060724s2006 sp b 000 0 spa
010 _a 2006509326
035 _a(OCoLC)ocm85822337
040 _aDLC
_cDLC
_dPL#
019 _a70768613
020 _a8497728505
020 _a9788497728508
029 1 _aPL#
_b060016776
035 _a(OCoLC)85822337
_z(OCoLC)70768613
050 1 4 _aJC421
_b.R934t 2006
082 0 0 _a321.8/6
_222
100 1 _aRuiz Ruiz, Ramón.
245 1 3 _aLa tradición republicana :
_brenacimiento y ocaso del republicanismo clásico /
_cRamón Ruiz Ruiz.
260 _aMadrid :
_bInstituto de Derechos Humanos, Bartolomé de las Casas, Universidad Carlos III de Madrid :
_bDykinson,
_c[2006?]
300 _a446 p. ;
_c21 cm.
490 0 _aColección Derechos humanos y filosofâia del derecho
504 _aIncludes bibliographical references (p. 433-446).
650 0 _aRepublicanism
_xHistory.
653 _aRepublicanismo.
938 _aPuvill Libros
_bPUVL
_n8497728505
_c$45.33
942 _2lcc
_cbk
994 _aC0
_bDRFGD
946 _aLspaulino
999 _c55429
_d55429